| 000 | 01051 a2200193 4500 | ||
|---|---|---|---|
| 003 | Nust | ||
| 005 | 20230727095917.0 | ||
| 020 | _a8175151234 | ||
| 040 | _cNust | ||
| 082 | _a621.382,JAI | ||
| 100 |
_aS . Jaiswal _9113855 |
||
| 245 |
_aWireless LANs / _cS. Jaiswal |
||
| 250 | _a1st ed | ||
| 260 |
_aNew Delhi, _bGalgotia Publication, _c1997. |
||
| 300 | _axviii , 439p | ||
| 505 | _aData Communications (Page-2), Network and Network Mechanism (Page-26), Wireless LANs (Page-67) Wireless LAN Media Components AIR (Page-83), Wireless LAN Operations and Connections (Page-91), Wireless LAN Standards (Page-109), Wireless LAN Decisions (Page-115), Wireless LAN Network Management (Page-126), The Future Trend of Wireless LANs (Page-140), Network Security (Page-145), User Requirements: Specifying and Purchasing a LAN (Page-172), Practical Installation (Page-200), Transmission Control Protocol/Internet Protocol (Page-225), wide Area Networks (Page-312). | ||
| 650 |
_aTelecommunications engineering. _958485 |
||
| 942 |
_2ddc _cBK _k621.382,JAI |
||
| 999 |
_c190629 _d190629 |
||